A gyomornyálkahártya vérátáramlásának vizsgálata kutyákban neutrálvörös clearance módszerrel

Elmentve itt :
Bibliográfiai részletek
Szerzők: Döbrönte Zoltán
Faredin Imre
Pap Ilona
Sági István
Tóth István
Varró Vince
Dokumentumtípus: Cikk
Megjelent: 1980
Sorozat:KÍSÉRLETES ORVOSTUDOMÁNY 32
Tárgyszavak:
mtmt:1437606
Online Access:http://publicatio.bibl.u-szeged.hu/33675
LEADER 00870nab a2200253 i 4500
001 publ33675
005 20250528124659.0
008 250528s1980 hu o 000 hun d
022 |a 0023-1878 
024 7 |a 1437606  |2 mtmt 
040 |a SZTE Publicatio Repozitórium  |b hun 
041 |a hun 
100 1 |a Döbrönte Zoltán 
245 1 2 |a A gyomornyálkahártya vérátáramlásának vizsgálata kutyákban neutrálvörös clearance módszerrel  |h [elektronikus dokumentum] /  |c  Döbrönte Zoltán 
260 |c 1980 
300 |a 519-522 
490 0 |a KÍSÉRLETES ORVOSTUDOMÁNY  |v 32 
650 4 |a Általános orvostudomány 
700 0 1 |a Faredin Imre  |e aut 
700 0 1 |a Pap Ilona  |e aut 
700 0 1 |a Sági István  |e aut 
700 0 1 |a Tóth István  |e aut 
700 0 1 |a Varró Vince  |e aut 
856 4 0 |u http://publicatio.bibl.u-szeged.hu/33675/1/aok_klny_158_80.pdf  |z Dokumentum-elérés